[Event "Faxe anniversity"]
[Site "Faxe"]
[Date "2014.05.07"]
[Round "6"]
[White "Eriksen, Knud"]
[Black "Hansen, Arne Mandrup"]
[Result "0-1"]
[WhiteElo "1067"]
[BlackElo "1304"]
[PlyCount "134"]
[EventDate "2014.03.26"]
[EventType "swiss"]
[EventRounds "7"]
[EventCountry "DEN"]
[SourceTitle "EXT 2023"]
[Source "ChessBase"]
[SourceDate "2022.10.05"]
[SourceVersion "1"]
[SourceVersionDate "2022.10.05"]
[SourceQuality "1"]

1. e4 d5 2. exd5 Nf6 3. Nc3 Nxd5 4. Nxd5 Qxd5 5. Nf3 e5 6. d3 Nc6 7. a3 Bc5 8. Be2 0-0 9. 0-0 Bf5 10. Be3 Bd4 11. c3 Bb6 12. c4 Qd7 13. b4 Bxe3 14. fxe3 e4 15. Ne1 exd3 16. Bxd3 Bxd3 17. Nxd3 Qe6 18. Qc1 b6 19. Nf4 Qe5 20. Re1 Rad8 21. Qc2 Rd6 22. Nd5 Re6 23. Rad1 Ne7 24. Qa4 a5 25. bxa5 bxa5 26. Qxa5 c6 27. Nxe7+ Rxe7 28. Qb4 Qc7 29. a4 g6 30. a5 Ra8 31. Ra1 Rae8 32. Ra3 Qa7 33. c5 Rb8 34. Qc3 Rb5 35. Rd1 Re8 36. Rc1 h5 37. Raa1 Qb8 38. Qe1 Qe5 39. a6 Rxc5 40. a7 Ra8 41. Rxc5 Qxc5 42. Rc1 Qxa7 43. Rxc6 Re8 44. Rc3 Kh7 45. h3 Qa5 46. Rc1 Qe5 47. Rc3 f5 48. g3 g5 49. Kf2 Kg6 50. Rc6+ Re6 51. Rxe6+ Qxe6 52. Qe2 h4 53. Kg2 Qe4+ 54. Kf2 hxg3+ 55. Kxg3 f4+ 56. Kg4 fxe3+ 57. Kg3 Qf4+ 58. Kg2 Kf5 59. Qg4+ Qxg4+ 60. hxg4+ Kf4 61. Kf1 Kxg4 62. Ke2 Kf4 63. Ke1 Kf3 64. Kf1 g4 65. Ke1 g3 66. Kf1 e2+ 67. Ke1 g2 0-1

[Event "Faxe anniversity"]
[Site "Faxe"]
[Date "2014.04.23"]
[Round "4"]
[White "Eriksen, Knud"]
[Black "Skotte, Niels Peder"]
[Result "1-0"]
[WhiteElo "1067"]
[BlackElo "1346"]
[PlyCount "93"]
[EventDate "2014.03.26"]
[EventType "swiss"]
[EventRounds "7"]
[EventCountry "DEN"]
[SourceTitle "EXT 2023"]
[Source "ChessBase"]
[SourceDate "2022.10.05"]
[SourceVersion "1"]
[SourceVersionDate "2022.10.05"]
[SourceQuality "1"]

1. e4 d6 2. Nc3 c6 3. Bc4 e5 4. d3 Nf6 5. Nf3 h6 6. h3 Be7 7. 0-0 Nbd7 8. a3 Nb6 9. Ba2 Bd7 10. Ne2 Qc7 11. c4 c5 12. Nc3 a6 13. b3 g5 14. b4 g4 15. hxg4 Bxg4 16. b5 a5 17. Re1 Rg8 18. Re3 Nh5 19. Re1 Rg6 20. Bb3 0-0-0 21. Qe2 Rdg8 22. Bd1 Qd7 23. Qc2 Bxf3 24. Bxf3 Qh3 25. Kf1 Qh2 26. Qd1 Bh4 27. Ke2 Nf4+ 28. Bxf4 Qxf4 29. Rg1 Rf6 30. Kf1 Bg5 31. Ra2 h5 32. Ne2 Qh2 33. Ng3 Bf4 34. Rh1 Bxg3 35. Rxh2 Bxh2 36. Bxh5 Rh8 37. Bg4+ Kc7 38. Ke2 Na4 39. Qxa4 b6 40. Qd1 Rfh6 41. Qd2 Bf4 42. Qb2 f6 43. g3 Bg5 44. Ra1 Rh2 45. Bf3 Rxf2+ 46. Kxf2 Rh2+ 47. Bg2 1-0

[Event "Faxe EMT"]
[Site "Faxe"]
[Date "2013.04.10"]
[Round "2"]
[White "Eriksen, Knud"]
[Black "Rasmussen, Frede"]
[Result "0-1"]
[WhiteElo "1203"]
[BlackElo "1441"]
[PlyCount "114"]
[EventDate "2013.04.03"]
[EventType "swiss"]
[EventRounds "7"]
[EventCountry "DEN"]
[SourceTitle "EXT 2023"]
[Source "ChessBase"]
[SourceDate "2022.10.05"]
[SourceVersion "1"]
[SourceVersionDate "2022.10.05"]
[SourceQuality "1"]

1. d4 e6 2. e4 d6 3. Nf3 h6 4. c3 a6 5. Bd3 Bd7 6. Be3 g5 7. g4 Bg7 8. h3 Qe7 9. Nbd2 f6 10. Qc2 Kd8 11. 0-0-0 Be8 12. Kb1 h5 13. Nh2 Nd7 14. Rdf1 e5 15. d5 Nf8 16. f3 Ng6 17. Rfg1 hxg4 18. fxg4 Rxh3 19. Bf2 Bd7 20. Bf1 Rh7 21. Be2 Qf7 22. Rf1 N8e7 23. Bg3 Nf4 24. Bd1 Neg6 25. Qb3 b6 26. Nc4 Ke7 27. Ne3 Nd3 28. Nf5+ Bxf5 29. gxf5 Ngf4 30. Qc2 Rah8 31. Bf3 Kd8 32. Rd1 Nc5 33. Bxf4 exf4 34. Ng4 Nd7 35. Qe2 Nb8 36. Nf2 Qe8 37. Qf1 Kc8 38. Be2 Kb7 39. Rxh7 Rxh7 40. Bd3 Rh2 41. Ng4 Rh4 42. Qe2 Qh8 43. Rg1 Rh1 44. Qg2 Rxg1+ 45. Qxg1 Qh3 46. Nf2 Qg3 47. Qf1 f3 48. Nd1 g4 49. a4 Bh6 50. Ka2 Qf4 51. Bc4 Bg5 52. Nf2 Bh4 53. Nd3 Qxe4 54. Nb4 Ka7 55. Bxa6 Qe1 56. Nc6+ Ka8 57. Nxb8 Qxf1 0-1

[Event "Faxe Eftermiddag-C"]
[Site "Faxe"]
[Date "2010.09.22"]
[Round "1"]
[White "Andersen, Hans E"]
[Black "Eriksen, Knud"]
[Result "1-0"]
[WhiteElo "1368"]
[BlackElo "1504"]
[PlyCount "93"]
[EventDate "2010.09.22"]
[EventType "tourn"]
[EventRounds "5"]
[EventCountry "DEN"]
[SourceTitle "EXT 2023"]
[Source "ChessBase"]
[SourceDate "2022.10.05"]
[SourceVersion "1"]
[SourceVersionDate "2022.10.05"]
[SourceQuality "1"]

1. e4 d5 2. exd5 Nf6 3. d3 Nxd5 4. Nf3 e6 5. Bd2 Nc6 6. a3 Bc5 7. b4 Bb6 8. c4 Nf6 9. c5 Bxc5 10. bxc5 0-0 11. Be2 Qd5 12. Be3 Ng4 13. Nc3 Nxe3 14. Nxd5 Nxd1 15. Nxc7 Rb8 16. Rxd1 a6 17. d4 Bd7 18. d5 exd5 19. Nxd5 Na7 20. 0-0 Rfe8 21. Rfe1 Nb5 22. Bc4 Bc6 23. Ne7+ Kf8 24. Nxc6 Rxe1+ 25. Rxe1 bxc6 26. Ng5 h6 27. Nxf7 Nxa3 28. Nd6 Nxc4 29. Nxc4 Kg8 30. Nd6 a5 31. g3 a4 32. Ra1 Ra8 33. Ra3 Kf8 34. Nc4 Ke7 35. Nb6 Ra5 36. Nxa4 Ke6 37. f4 Kd5 38. Nc3+ Kxc5 39. Rxa5+ Kb4 40. Ra6 c5 41. Nd5+ Kb5 42. Rb6+ Kc4 43. Ne3+ Kd4 44. Kf2 Kc3 45. Rg6 c4 46. Rxg7 Kd2 47. Nxc4+ 1-0

[Event "Faxe EMT"]
[Site "Faxe"]
[Date "2009.04.01"]
[Round "3"]
[White "Jakobsen, Henning"]
[Black "Eriksen, Knud"]
[Result "1-0"]
[WhiteElo "1141"]
[BlackElo "1255"]
[PlyCount "143"]
[EventDate "2009.03.18"]
[EventType "swiss"]
[EventRounds "7"]
[EventCountry "DEN"]
[SourceTitle "EXT 2023"]
[Source "ChessBase"]
[SourceDate "2022.10.05"]
[SourceVersion "1"]
[SourceVersionDate "2022.10.05"]
[SourceQuality "1"]

1. d4 d5 2. c4 c6 3. Nc3 e6 4. Nf3 Nf6 5. Bg5 Nbd7 6. e3 dxc4 7. a4 Bd6 8. Bxc4 0-0 9. 0-0 Qc7 10. g3 h6 11. Bf4 Bxf4 12. exf4 Rd8 13. Qc2 b6 14. Bd3 Bb7 15. Ne5 Qc8 16. Qb3 Qc7 17. Rac1 Qd6 18. Rfd1 Nd5 19. Ne4 Qb8 20. Nxc6 Bxc6 21. Rxc6 Ne7 22. Rc2 Nf5 23. Rc4 Qb7 24. Nc3 Rac8 25. Be4 Qb8 26. Bxf5 exf5 27. Nd5 Rxc4 28. Qxc4 g6 29. Ne7+ Kg7 30. Nc6 Qc8 31. Rc1 Re8 32. Qc3 Nf6 33. d5 Re4 34. b3 Qd7 35. Rd1 h5 36. f3 Re2 37. Qc4 Qe8 38. Ne5 Ra2 39. d6 Nd7 40. Re1 f6 41. Qf7+ Qxf7 42. Nxf7 Kxf7 43. Re7+ Kf8 44. Rxd7 Ke8 45. Rxa7 Ra1+ 46. Kg2 Rd1 47. d7+ Rxd7 48. Rxd7 Kxd7 49. Kf2 Kd6 50. Ke2 Kc5 51. Kd2 Kd4 52. h3 g5 53. h4 g4 54. fxg4 fxg4 55. b4 Kc4 56. a5 Kb5 57. axb6 Kxb6 58. Kd3 Kb5 59. Ke4 Kxb4 60. Kf5 Kc4 61. Kxf6 Kd4 62. Kg5 Ke4 63. f5 Kf3 64. f6 Kxg3 65. f7 Kh3 66. f8Q g3 67. Qf3 Kh2 68. Qxg3+ Kxg3 69. Kxh5 Kf4 70. Kg6 Kg4 71. h5 Kh4 72. h6 1-0

[Event "Faxe EMT"]
[Site "Faxe"]
[Date "2005.03.30"]
[Round "1"]
[White "Eriksen, Knud"]
[Black "Christoffersen, Per"]
[Result "0-1"]
[WhiteElo "1131"]
[BlackElo "1495"]
[PlyCount "78"]
[EventDate "2005.03.30"]
[EventType "swiss"]
[EventRounds "7"]
[EventCountry "DEN"]
[SourceTitle "EXT 2023"]
[Source "ChessBase"]
[SourceDate "2022.10.05"]
[SourceVersion "1"]
[SourceVersionDate "2022.10.05"]
[SourceQuality "1"]

1. e4 e6 2. d4 d5 3. e5 c5 4. c3 Nc6 5. Nf3 cxd4 6. cxd4 Nge7 7. Bf4 Nf5 8. Nc3 Qb6 9. Bb5 Bb4 10. Bxc6+ bxc6 11. 0-0 0-0 12. a3 Be7 13. b4 Ba6 14. Qd2 Bxf1 15. Rxf1 a5 16. bxa5 Qxa5 17. Qc2 Qxa3 18. g4 Nh4 19. Nxh4 Bxh4 20. Ne2 Qf3 21. Bg3 Qxg4 22. f3 Qg5 23. Kg2 Bxg3 24. hxg3 Qg6 25. Qd2 f6 26. Qe3 fxe5 27. Qxe5 Ra2 28. Rf2 Qf5 29. Qe3 Re8 30. g4 Qf6 31. Rf1 Rb8 32. Rf2 Rbb2 33. Kg3 Qe7 34. Rh2 Qd6+ 35. f4 Ra3 36. Nc3 Rbb3 37. Rc2 Kf7 38. g5 Qb4 39. Kg4 Rxc3 0-1

[Event "Faxe EMT"]
[Site "Faxe"]
[Date "2001.05.02"]
[Round "6"]
[White "Refsgaard, Kaj"]
[Black "Eriksen, Knud"]
[Result "0-1"]
[WhiteElo "1692"]
[BlackElo "1166"]
[PlyCount "140"]
[EventDate "2001.03.21"]
[EventType "swiss"]
[EventRounds "7"]
[EventCountry "DEN"]
[SourceTitle "EXT 2023"]
[Source "ChessBase"]
[SourceDate "2022.10.05"]
[SourceVersion "1"]
[SourceVersionDate "2022.10.05"]
[SourceQuality "1"]

1. d4 Nf6 2. Bg5 d5 3. Bxf6 exf6 4. e3 c6 5. c4 Be6 6. cxd5 Bxd5 7. Nf3 Nd7 8. Be2 Bd6 9. 0-0 0-0 10. Nc3 Be6 11. Rc1 f5 12. Qc2 Rc8 13. Bd3 g6 14. Rfe1 Nf6 15. Qd2 a6 16. e4 fxe4 17. Bxe4 Qc7 18. h3 Bf4 19. Qd3 Bxc1 20. Rxc1 Qf4 21. Re1 Rcd8 22. g3 Qh6 23. h4 Ng4 24. Ng5 Ne5 25. Qc2 Rxd4 26. Nxe6 fxe6 27. Qb3 Rf7 28. Qxe6 Nd3 29. Bxd3 Rxd3 30. Ne4 Qg7 31. Ng5 Rdd7 32. Nxf7 Rxf7 33. Qb3 Qf6 34. Re2 Qf5 35. Re8+ Kg7 36. Re2 c5 37. Qc3+ Kh6 38. Qd2+ Kg7 39. a3 b5 40. f4 Rd7 41. Qc3+ Kh6 42. Kg2 Rd3 43. Qe5 Qh5 44. Qe7 Qf3+ 45. Kh2 Qxg3+ 46. Kh1 Qh3+ 47. Kg1 Rg3+ 48. Kf2 Qh2+ 49. Ke1 Rg1+ 50. Kd2 Qxf4+ 51. Qe3 Qxe3+ 52. Rxe3 Rg4 53. Re5 c4 54. Re6 a5 55. Re5 Rd4+ 56. Kc3 Rd3+ 57. Kc2 Rh3 58. Rxb5 a4 59. Rb4 Rxh4 60. Rxa4 g5 61. Ra6+ Kh5 62. Rc6 Rg4 63. a4 Rf4 64. a5 g4 65. Rc5+ Kh4 66. a6 Rf6 67. Ra5 Rf8 68. Kc3 g3 69. Kxc4 g2 70. a7 g1Q 0-1

[Event "Faxe EMT"]
[Site "Faxe"]
[Date "2001.04.04"]
[Round "3"]
[White "Jensen, Niels"]
[Black "Eriksen, Knud"]
[Result "0-1"]
[WhiteElo "1277"]
[BlackElo "1166"]
[PlyCount "110"]
[EventDate "2001.03.21"]
[EventType "swiss"]
[EventRounds "7"]
[EventCountry "DEN"]
[SourceTitle "EXT 2023"]
[Source "ChessBase"]
[SourceDate "2022.10.05"]
[SourceVersion "1"]
[SourceVersionDate "2022.10.05"]
[SourceQuality "1"]

1. e4 e5 2. Bc4 Nf6 3. d3 Bc5 4. h3 0-0 5. Nf3 d6 6. 0-0 a6 7. a3 h6 8. Nc3 Nc6 9. Ne2 b5 10. Ba2 Bb7 11. Ng3 Ne7 12. Nh4 Bc8 13. Ngf5 Nxf5 14. Nxf5 Bxf5 15. exf5 Qd7 16. Qf3 c6 17. Be3 Ba7 18. Rad1 d5 19. c3 Qd6 20. b4 Bb8 21. Qg3 Kh7 22. Bc5 Qd8 23. Bxf8 Qxf8 24. Qf3 Qd6 25. g3 Bc7 26. Rfe1 Qd7 27. Bb1 Rf8 28. Kg2 g6 29. fxg6+ fxg6 30. Bc2 Kg7 31. Qe2 Nh5 32. Qg4 Qf7 33. Rd2 Bb6 34. Ree2 a5 35. Bb1 Nf6 36. Qf3 Qe6 37. Re1 h5 38. Qe2 Bc7 39. Ba2 Nh7 40. Qe3 Qf5 41. Bb1 Ng5 42. Rh1 Nf3 43. Re2 h4 44. g4 Qf6 45. Rd1 Rf7 46. Rf1 Bb8 47. Qc1 Ng5 48. Qe3 Nf3 49. Qc1 Ba7 50. Ba2 Ng5 51. f3 Nxf3 52. Bb1 e4 53. dxe4 Qe5 54. Rxf3 Rxf3 55. Qe1 Rg3+ 0-1